000 00799nam a22001817a 4500
003 UA-OsUOA
001 14851
007 ta
008 20031021b un ||||| |||| 00| 0 ukr d
100 _aПопович І.
942 _cSA
040 _aUA-OsUOA
_cUA-OsUOA
_dUA-OsUOA
245 _a"Продуктовий ряд": прибуток понад усе, але честь вище прибутку!
_b[Про новий міні-маркет "Продуктовий ряд", що в Рівному розповідає його директор І Попович]/ Записав В.Крушельницький
300 _aС.15
955 _a0
773 0 _w0
_tРівне вечірнє
_dРівне
_d2003
_g№66/12 верес./
650 7 _aКраєзнавча робота
_2UDC
999 _c301015
_d301015